000 00306nam a2200133Ia 4500
100 _aHill/ H.G.
942 _cRB
654 _aRepair tools
245 _aAutomotive service and repair Tools
260 _bVan nostand rainhold
_aNew York
_c1975
082 _a629.28702
300 _a344
546 _aENGLISH
999 _c27435
_d27435